000
00207nam a22000857a 4500
999
_c
11748
_d
11748
008
200113b ||||| |||| 00| 0 eng d
100
_a
Lionni Leo
_9
7435
245
_a
Swimmy
260
_a
New York
_b
Scholastic
_c
1989